Online Reputation Management of a Selected Tourism Facility

Cieľom práce je analyzovať reputačný manažment hotela BoHo Prague hotel na booking.com, čo súvisí so zisťovaním kľúčových faktorov pre výber hotela, jeho obľúbenosti medzi zákazníkmi a či sa zmenilo hodnotenie hotela počas pandémie COVID-19.

Guardado en:
Detalles Bibliográficos
Autor principal: Košíková, Michaela
Otros Autores: Konečný, Michal, 1993-, Kostiuk, Yaroslava, Világi, Róbert, 1985-, Pollák, František, 1985-
Formato: Capítulo de libro
Lenguaje:inglés
Materias:
Etiquetas: Agregar Etiqueta
Sin Etiquetas, Sea el primero en etiquetar este registro!

MARC

LEADER 00000naa$a2200000$$$4500
001 0291353
005 20240502074456.1
041 0 |a eng 
044 |a SK 
245 1 0 |a Online Reputation Management of a Selected Tourism Facility  |c Michaela Košíková, Michal Konečný, Yaroslava Kostiuk, Róbert Világi, František Pollák 
520 |a Cieľom práce je analyzovať reputačný manažment hotela BoHo Prague hotel na booking.com, čo súvisí so zisťovaním kľúčových faktorov pre výber hotela, jeho obľúbenosti medzi zákazníkmi a či sa zmenilo hodnotenie hotela počas pandémie COVID-19. 
610 2 0 |a manažment 
610 2 0 |a online reputačný manažment 
610 2 0 |a rating 
610 2 0 |a reputácia podniku 
610 2 0 |a ruch cestovný 
610 2 0 |a hotely 
610 2 0 |a zákazníci 
610 2 0 |a pandémia 
100 1 |a Košíková, Michaela 
700 1 |a Konečný, Michal, 1993- 
700 1 |a Kostiuk, Yaroslava 
700 1 |a Világi, Róbert, 1985- 
700 1 |a Pollák, František, 1985-